00280nam a2200133Ia 45000030006000000080041000060400015000471000010000622450026000722500010000982600009001085460012001170050017001290STCL150530s9999 xx 000 0 und d aSTCLcSTCL aKabir aOf Cabbages and Kings aFirst c1947 aEnglish20220125170629.0